000 01122nam a22003377a 4500
001 2471857
003 OSt
005 20210426125215.0
008 900223s1990 nyua 001 0beng
010 _a 90050121
020 _a0670823422 :
_c$19.95
020 _a0140113142 (pbk.) :
_c$8.95
040 _aDLC
_cDLC
_dDLC
043 _an-us---
050 0 0 _aJK468.I6
_bP455 1990
080 _a92
_bP-47
082 0 0 _a327.1273/0092
_aB
_221
100 1 _aPersico, Joseph E.
245 1 0 _aCasey :
_bfrom the OSS to the CIA /
_cJoseph E. Persico.
260 _aNew York, N.Y., U.S.A. :
_bViking,
_c1990.
300 _axix, 601 p. :
_bill. ;
_c25 cm.
365 _a24.95 USD
500 _aIncludes index.
600 1 0 _aCasey, William J.
610 1 0 _aUnited States.
_bCentral Intelligence Agency.
650 0 _aIntelligence officers
_zUnited States
_vBiography.
653 _aბიოგრაფია
906 _a7
_bcbc
_corignew
_d1
_eocip
_f19
_gy-gencatlg
942 _2udc
_cBK
999 _c1074
_d1074